| 000 | 01299nam a2200325 c 4500 | ||
|---|---|---|---|
| 003 | BLK | ||
| 005 | 20240711134949.0 | ||
| 008 | 180412b bul|||||r ||||||| ||bul|| | ||
| 010 | _aKNG00006142000 | ||
| 020 |
_a954-8608-02-2 _bиздат.: Епсилон |
||
| 040 | _aBLK | ||
| 041 |
_aBUL _cBUL |
||
| 080 |
_aАмериканска литература (на САЩ) _b821.111(73) _x-96 _z821.111(73)-96 |
||
| 100 | 1 |
_aРедфийлд, Джеймс _eпърви автор _9115754 |
|
| 700 | 1 |
_aКръстева, Мария _d1957 - 2011 _qГеоргиева, Мария Кръстева _953160 |
|
| 139 |
_aРедфийлд, Джеймс _bР 45 |
||
| 245 | 1 | 0 |
_aСелестинското пророчество _bРоман _cДжеймс Редфийлд; прев. от англ. Мария Кръстева. |
| 257 | _aUSA | ||
| 260 |
_аСофия _bЕпсилон _c1995 _fВраца : Полипринт |
||
| 300 |
_a264 с. _c20 см |
||
| 380 | _aX | ||
| 500 | _aОриг. загл. The Celestine Prophecy / James Redfield. - 6 000 тир. | ||
| 653 | _aромани | ||
| 852 | _aЦб 180404 | ||
| 856 | 4 |
_qpdf _u |
|
| 856 | 4 |
_qpdf _u |
|
| 942 |
_cKNG _n0 _01 |
||
| 944 |
_aCR _c15.01.2003 _lГеновева Генчева _k30560 |
||
| 944 |
_aED _c23.07.2010 _lф / _k |
||
| 999 |
_c4970 _d4970 |
||